Keď vták má zuby

Bibliographic Details
Main Author: V.K (Author)
Format: Article
Language:Slovak
ISSN:0231-6714
Subjects:

MARC

LEADER 00000nab a2200000 a 4500
001 vtls000631994
003 SK-MaSNL
005 20260304094817.0
008 250425c1997 xo 0 slo
015 |a SNBRB19rr/mm-uuuuu 
035 |a CL0632133 
035 |a urn:nbn:sk:snk-abbr0q 
035 |a (urnnbn)urn:nbn:sk:snk:ar-0000tx 
035 |a (uuid)980cf0c0-262f-4e63-a000-d2d3e6781e6e 
040 |a SNKBUCL  |b slo  |c SNKBUCL  |e AACR2 
041 0 |a slo 
044 |a xo  |c SK 
080 |a 82:929:882  |2 1981 
080 |a 882  |2 1981 
100 1 |a V.K.  |4 aut  |9 859573 
245 1 0 |a Keď vták má zuby  |c V.K. 
600 1 7 |a Charms, Daniil  |d 1905-1942  |x profily  |2 snkbucl  |9 976227 
655 7 |a články z novín a časopisov  |2 snkbucl  |9 267496 
773 0 |t Romboid  |g Roč. 32, č. 2-3 (1997), s. 128-129  |x 0231-6714 
850 |a Slovenská národná knižnica 
852 |a Slovenská národná knižnica 
958 |a article15 
958 |a OND 
958 |a LX 
958 |a RK 
958 |a EUIPO 
992 |a RBX 
999 |c 2829081  |d 2831011